South Eastern Kenya University

Library Online Public Access Catalogue


International logistics / (Record no. 18583)

MARC details
000 -LEADER
fixed length control field 01277pam a2200349 a 4500
001 - CONTROL NUMBER
control field 4433142
003 - CONTROL NUMBER IDENTIFIER
control field OSt
005 - DATE AND TIME OF LATEST TRANSACTION
control field 20250905070200.0
008 - FIXED-LENGTH DATA ELEMENTS--GENERAL INFORMATION
fixed length control field 940523s1995 nyua b 001 0 eng
010 ## - LIBRARY OF CONGRESS CONTROL NUMBER
LC control number 94021843
020 ## - INTERNATIONAL STANDARD BOOK NUMBER
International Standard Book Number 9781461358671
035 ## - SYSTEM CONTROL NUMBER
System control number 4433142
040 ## - CATALOGING SOURCE
Original cataloging agency SEKU
050 00 - LIBRARY OF CONGRESS CALL NUMBER
Classification number HF5415.7
Item number .I553 1995
082 00 - DEWEY DECIMAL CLASSIFICATION NUMBER
Classification number 658.7
Edition number 20
245 00 - TITLE STATEMENT
Title International logistics /
Statement of responsibility, etc. Donald F. Wood ... [et al.].
260 ## - PUBLICATION, DISTRIBUTION, ETC. (IMPRINT)
Place of publication, distribution, etc. New York :
Name of publisher, distributor, etc. Chapman & Hall,
Date of publication, distribution, etc. c1995.
300 ## - PHYSICAL DESCRIPTION
Extent vii, 370 p. :
Other physical details ill. ;
Dimensions 24 cm.
336 ## - CONTENT TYPE
Content type term text
440 #0 - SERIES STATEMENT/ADDED ENTRY--TITLE
Title Chapman & Hall materials management/logistics series
504 ## - BIBLIOGRAPHY, ETC. NOTE
Bibliography, etc Includes bibliographical references and index.
650 #0 - SUBJECT ADDED ENTRY--TOPICAL TERM
Topical term or geographic name as entry element Physical distribution of goods
General subdivision Management.
650 #0 - SUBJECT ADDED ENTRY--TOPICAL TERM
Topical term or geographic name as entry element Business logistics.
650 #0 - SUBJECT ADDED ENTRY--TOPICAL TERM
Topical term or geographic name as entry element International trade.
700 1# - ADDED ENTRY--PERSONAL NAME
Personal name Wood, Donald F.,
Dates associated with a name 1935-
856 42 - ELECTRONIC LOCATION AND ACCESS
Materials specified Publisher description
Uniform Resource Identifier <a href="http://www.loc.gov/catdir/enhancements/fy0819/94021843-d.html">http://www.loc.gov/catdir/enhancements/fy0819/94021843-d.html</a>
856 41 - ELECTRONIC LOCATION AND ACCESS
Materials specified Table of contents only
Uniform Resource Identifier <a href="http://www.loc.gov/catdir/enhancements/fy0819/94021843-t.html">http://www.loc.gov/catdir/enhancements/fy0819/94021843-t.html</a>
906 ## - LOCAL DATA ELEMENT F, LDF (RLIN)
a 7
942 ## - ADDED ENTRY ELEMENTS (KOHA)
Source of classification or shelving scheme Library of Congress Classification
Koha item type General circulation
Holdings
Withdrawn status Lost status Source of classification or shelving scheme Damaged status Not for loan Home library Current library Date acquired Source of acquisition Total Checkouts Full call number Barcode Date last seen Price effective from Koha item type
    Library of Congress Classification     Kitui Town Campus Library Kitui Town Campus Library 05/09/2025 Purchase   HF5415.7 .W6 1995 2025/028715 05/09/2025 05/09/2025 General circulation
Kitui, Kenya.
+254736116989
library@seku.ac.ke